000 00525nam a22001937a 4500
003 LK-CoMWRAF
005 20231107104347.0
008 231107b |||||||| |||| 00| 0 eng d
040 _aLK-CoMWRAF
_dLK-CoMWRAF
_eLK-CoMWRAF
041 _aeng
082 _a297.122
_bMEA
245 _aThe Meaning of the Quran :
_b(Surah Al-Fatima to An-Nisa)
260 _aDelhi :
_bMarkazi maktaba Islami,
_c2000
300 _a399p
490 _aVolume i
650 _aIslam--Quran
700 _aMaudūdī, Abul A la
_etrans.
942 _cBK
999 _c4060
_d4060